Miasta Azji powyżej 10 milionów mieszkańców na mapie - Statystyki

Ogólne statystyki
  • Ten quiz został rozwiązany 26 razy
  • Średni wynik to 9 z 14
Odpowiedzi na mapie
Odpowiedzi zakodowano w zielono-czerwonej skali na mapie do tego quizu, zgodnie z poniższymi procentami.
 
Statystyki odpowiedzi
Państwo Miasto Populacja % Poprawnych
Turcja Stambuł 15 mln
95%
Indie Delhi 11 mln
90%
Chiny Pekin 19 mln
90%
Chiny Szanghaj 22 mln
86%
Indie Mumbaj 12,4 mln
81%
Indonezja Dżakarta 10,5 mln
76%
Bangladesz Dhaka 10,3 mln
67%
Chiny Kanton 16 mln
67%
Chiny Wuhan 10,5 mln
62%
Chiny Chengdu 13,5 mln
57%
Pakistan Karaczi 18,8 mln
57%
Chiny Shenzhen 17,4 mln
43%
Pakistan Lahaur 13 mln
29%
Chiny Tiencin 11 mln
24%
Nie znaleziono quizów pasujących do podanych kryteriów
Rozkład punktacji
Procent ludzi z każdym wynikiem
Percentyl według liczby udzielonych odpowiedzi
Twoja historia wyników
Nie rozwiązałeś tego quizu